00688nam a22002177a 450000500170000000800410001701000140005802000230007203500130009503700150010804000180012308200110014110000170015224500530016926000480022227000620027030000270033250000510035965000290041065000310043920090824121555.0090824t xxu||||| |||| 00| 0 eng d aENG-94850 a8188449210c200.00 aEN-78383 bDBAD / PUB adplbEnglish  a615.19 aDerle, D.V.  aEssentials of physical pharmacy /cby D.V. Derle aHyderabad bPharmaMed Press c2008(repr.).  a4-4-316, Giriraj Lane, Sultan Bazar, bHyderabad e500095 aix, 257p. c24cm(pbk)  aIncludes bibliographical references and index  aPharmaceutical chemistry aChemistry, Pharmaceutical